An introduction to the English novel / (Record no. 136527)
[ view plain ]
| 000 -LEADER | |
|---|---|
| fixed length control field | 00703nam a22002177a 4500 |
| 010 ## - LIBRARY OF CONGRESS CONTROL NUMBER | |
| LC control number | A-482088 |
| 020 ## - INTERNATIONAL STANDARD BOOK NUMBER | |
| International Standard Book Number | 818539248 |
| 035 ## - SYSTEM CONTROL NUMBER | |
| System control number | A-482088 |
| 037 ## - SOURCE OF ACQUISITION | |
| Source of stock number/acquisition | Cen Lib / Ret |
| 040 ## - CATALOGING SOURCE | |
| Original cataloging agency | DPL |
| Language of cataloging | EN |
| 082 ## - DEWEY DECIMAL CLASSIFICATION NUMBER | |
| Classification number | 883.08 |
| Item number | KET |
| 100 ## - MAIN ENTRY--PERSONAL NAME | |
| Personal name | Kettle, Arnold |
| 245 ## - TITLE STATEMENT | |
| Title | An introduction to the English novel / |
| Statement of responsibility, etc | by Arnold Kettle |
| 260 ## - PUBLICATION, DISTRIBUTION, ETC. (IMPRINT) | |
| Place of publication, distribution, etc | New Delhi |
| Name of publisher, distributor, etc | Universal Book Stall |
| Date of publication, distribution, etc | 1967 |
| 270 ## - ADDRESS | |
| Address | 5 Ansari Road |
| City | New Delhi |
| Postal code | 110002 |
| 300 ## - PHYSICAL DESCRIPTION | |
| Extent | 2 v. ; (v 1. 177p ; v 2.192p) |
| Other physical details | 24cm(Hb) |
| 505 ## - FORMATTED CONTENTS NOTE | |
| Formatted contents note | v. 1. To George Eliot ; v 2. Henry James to the present day |
| 650 ## - SUBJECT ADDED ENTRY--TOPICAL TERM | |
| Topical term or geographic name as entry element | English fiction -- History and criticism. |
| 650 ## - SUBJECT ADDED ENTRY--TOPICAL TERM | |
| Topical term or geographic name as entry element | English fiction. |
| 942 ## - ADDED ENTRY ELEMENTS (KOHA) | |
| Source of classification or shelving scheme | Dewey Decimal Classification |
| Koha item type | English Books |
| Classification part | 883.08 |
| Call number suffix | KET |
| Withdrawn status | Lost status | Source of classification or shelving scheme | Materials specified (bound volume or other part) | Damaged status | Not for loan | Home library | Current library | Date acquired | Source of acquisition | Total Checkouts | Full call number | Barcode | Date last seen | Date checked out | Copy number | Price effective from | Koha item type |
|---|---|---|---|---|---|---|---|---|---|---|---|---|---|---|---|---|---|
| Dewey Decimal Classification | v 1 | Central Library | Central Library | 04/03/2016 | Cen Lib/Ret | 1 | 883.08 KET | A-482088 | 10/07/2021 | 03/07/2021 | 1 | 04/03/2016 | English Books | ||||
| Dewey Decimal Classification | v 2 | Central Library | Central Library | 04/03/2016 | Cen Lib/Ret | 883.08 KET | A-482090 | 04/03/2016 | 04/03/2016 | English Books |
